000 00374nam a2200145Ia 4500
008 230917s9999||||xx |||||||||||||| ||und||
040 _e160122
_aMAIN
041 _aEnglish
082 _a647.94068 A51H
100 _aAhmad, Naseem
245 0 _aHotel managment: Food and food services
260 _aNew Delhi
_bAnmol Publications
_c2006
300 _a429 p.
942 _cBK
999 _c143488
_d143488